000 00349nam a2200157Ia 4500
005 20251020182546.0
008 200515s9999 xx 000 0 und d
082 _a747:728.80/C84
100 _aCRANE, Robin DIXON, Malcolm
245 0 _aCocinas
260 _aMéxico, D.F.
260 _c1992
650 _aCOCINAS
650 _aLIB
942 _cLIB
999 _c2568
_d2568